000 00724nam a22001937a 4500
999 _c8760
_d8760
003 AR-CdUCM
008 190325b ||||| |||| 00| 0 spa d
040 _aMUNICIPALIDAD PROVINCIAL DEL CUSCO
_cBIBLIOTECA MUNICIPAL DEL CUSCO
082 _a800.8 /
_bH41
100 _aHeredia Meiggs, Arístides
_924440
245 _aOcho grandes obras de la literatura universal /
260 _aLima :
_bMiguel Scorza,
_c1966.
300 _a88 páginas ;
_c19.5 cm.
505 _aNoticia sobre el autor -- Noticia sobre el libro -- La biblia -- La iliada de Homero -- Edipo rey de Sófocles -- La divina comedia de Dante Alighieri ...
650 _aLiteratura
_983
650 _aResúmenes
_924441
942 _2ddc
_cLIBROS
945 _aacv